| 000 | 00583nam a2200181 4500 | ||
|---|---|---|---|
| 001 | 4940 | ||
| 005 | 20181127174444.0 | ||
| 090 | 0 | 0 | _a378.05072 R8884p 2015 |
| 245 | 0 | 0 |
_aPromoting a knowledge based society : _bBook of abstracts / _ciGNHaS, Royal University of Bhutan. _h |
| 250 | 0 | 0 | _a |
| 260 | 0 | 0 |
_a[Thimphu] : _bRoyal University of Bhutan, _c2015. |
| 300 | 0 | 0 | _a37 p. ; 25 cm. |
| 500 | _aContains abstracts of programme presentations | ||
| 500 | 0 | 0 | _aNational PhD Conference. |
| 518 | _a""2 July 2015"" | ||
| 650 | 0 | 0 |
_aBhutan. _x |
| 650 | 0 | 0 |
_aEducation, Higher --Bhutan --Research. _x |
| 999 |
_c4115 _d4115 |
||